[Event "Bled Olympiad"]
[Site "Bled SLO"]
[Date "2002.10.28"]
[EventDate "2002.10.26"]
[Round "3"]
[Result "0-1"]
[White "Nenad Fercec"]
[Black "Robert Kempinski"]
[WhiteElo "2504"]
[BlackElo "2532"]
[PlyCount "120"]

1. e4 c5 2. Nf3 d6 3. d4 cxd4 4. Nxd4 Nf6 5. Nc3 a6 6. Be3 Ng4
7. Bg5 h6 8. Bh4 g5 9. Bg3 Bg7 10. Be2 h5 11. Nf5 Bxf5
12. exf5 Nf6 13. h4 gxh4 14. Rxh4 Nc6 15. Qd3 Rc8 16. O-O-O
Qb6 17. a3 Kf8 18. Kb1 Nd7 19. Rxh5 Rxh5 20. Bxh5 Nce5
21. Bxe5 Nxe5 22. Qd4 Qxd4 23. Rxd4 Nc4 24. Rd3 Rc5 25. Bf3
Ne5 26. Re3 Bh6 27. Bxb7 Bxe3 28. fxe3 a5 29. e4 Nc4 30. a4 e6
31. fxe6 fxe6 32. Ba6 Ke7 33. g3 Kf6 34. Kc1 Ke5 35. b3 Ne3
36. Kd2 Ng4 37. Be2 Nf6 38. Bf3 Rc8 39. Kd3 Nd7 40. Ne2 Nc5+
41. Ke3 Na6 42. c4 Nb4 43. Nd4 Nc6 44. Nxe6 Rb8 45. Nf4 Rxb3+
46. Nd3+ Kf6 47. Bd1 Rc3 48. Kd2 Rxc4 49. Bb3 Rxe4 50. Bd5
Rxa4 51. Bxc6 Rg4 52. Nf2 Rc4 53. Bb5 Rb4 54. Bd3 a4 55. Ne4+
Ke5 56. Nc3 a3 57. Bc2 d5 58. Kc1 d4 59. Na2 Rb2 60. Bb1 Kf6
0-1

[Event "Bled Olympiad"]
[Site "Bled SLO"]
[Date "2002.10.28"]
[EventDate "2002.10.26"]
[Round "3"]
[Result "1/2-1/2"]
[White "Bartosz Socko"]
[Black "Nenad Sulava"]
[WhiteElo "2569"]
[BlackElo "2551"]
[PlyCount "121"]

1. e4 e6 2. d4 d5 3. Nc3 dxe4 4. Nxe4 Nd7 5. Nf3 Ngf6 6. Nxf6+
Nxf6 7. Bd3 c5 8. dxc5 Bxc5 9. Qe2 Qc7 10. Bg5 Bb4+ 11. Bd2
Bxd2+ 12. Qxd2 O-O 13. O-O-O e5 14. Rhe1 Be6 15. a3 e4
16. Bxe4 Qc4 17. Bd3 Qa2 18. Qb4 Rac8 19. Ng5 Bd5 20. Kd2 a5
21. Qd4 Bxg2 22. Ra1 Qd5 23. Qxd5 Bxd5 24. Rad1 Rfd8 25. Kc1
h6 26. Ne4 Ng4 27. Rg1 f5 28. Nc3 Be6 29. Rde1 Kf7 30. Rg2 Nf6
31. Re5 Nd7 32. Rxa5 Nc5 33. Be2 g5 34. Rg1 Kf6 35. Re1 b6
36. Ra7 g4 37. a4 Ra8 38. Rxa8 Rxa8 39. b3 h5 40. Bb5 Rc8
41. Kb2 Rc7 42. Rd1 Ke5 43. Re1+ Ne4 44. Bd3 Bd5 45. Nxd5 Kxd5
46. c4+ Kd4 47. Bxe4 fxe4 48. Rd1+ Ke5 49. Rd5+ Kf4 50. Rxh5
Rf7 51. c5 bxc5 52. Rxc5 Rh7 53. Rc8 Rxh2 54. Rf8+ Ke5 55. Kc3
Rh3+ 56. Kc4 Rf3 57. Re8+ Kf4 58. Rf8+ Ke5 59. Re8+ Kf4
60. Rf8+ Ke5 61. Re8+ 1/2-1/2

[Event "Bled Olympiad"]
[Site "Bled SLO"]
[Date "2002.10.28"]
[EventDate "2002.10.26"]
[Round "3"]
[Result "1/2-1/2"]
[White "Ognjen Cvitan"]
[Black "Bartlomiej Macieja"]
[WhiteElo "2562"]
[BlackElo "2615"]
[PlyCount "49"]

1. c4 c5 2. g3 g6 3. Bg2 Bg7 4. Nc3 Nc6 5. a3 Nf6 6. Rb1 a5
7. d3 O-O 8. e3 e6 9. Nge2 d5 10. O-O dxc4 11. dxc4 Qxd1
12. Rxd1 a4 13. Nb5 Na5 14. Nd6 Ne8 15. Ne4 Nxc4 16. Nxc5 Ra5
17. b4 axb3 18. Nxb3 Ra7 19. Nbd4 Ned6 20. Nc3 Bd7 21. Ndb5
Nxb5 22. Nxb5 Bxb5 23. Rxb5 Nxa3 24. Rb4 b5 25. Bxa3 1/2-1/2

[Event "Bled Olympiad"]
[Site "Bled SLO"]
[Date "2002.10.28"]
[EventDate "2002.10.26"]
[Round "3"]
[Result "1/2-1/2"]
[White "Zoltan Almasi"]
[Black "Gennadi Timoshchenko"]
[WhiteElo "2672"]
[BlackElo "2509"]
[PlyCount "107"]

1. e4 e5 2. Nf3 Nc6 3. Bb5 a6 4. Ba4 Nf6 5. O-O Be7 6. Re1 b5
7. Bb3 d6 8. c3 O-O 9. h3 Na5 10. Bc2 c5 11. d4 Qc7 12. Nbd2
cxd4 13. cxd4 Nc6 14. Nb3 a5 15. Be3 a4 16. Nbd2 Bd7 17. Rc1
Qb7 18. Qe2 Rfe8 19. Bd3 exd4 20. Nxd4 Nb4 21. Bb1 a3 22. bxa3
Rxa3 23. N2b3 Rea8 24. Nc2 Nxc2 25. Qxc2 Be6 26. Bd4 Rc8
27. Qb2 Rxc1 28. Qxc1 Ra4 29. Qd1 Nd7 30. Bb2 Qb6 31. Nd4 Bf6
32. Nxe6 Bxb2 33. Qc2 fxe6 34. Qxb2 Ne5 35. Rd1 Qc5 36. Bc2
Nc4 37. Qa1 Ra8 38. Bb3 h6 39. Qc3 d5 40. exd5 exd5 41. Qd4
Qxd4 42. Rxd4 Rd8 43. a4 Kf7 44. axb5 Nb6 45. Rd3 Ke6 46. Rg3
Kf6 47. h4 Rd7 48. Rc3 Ke5 49. Kf1 Rb7 50. Ke2 Nd7 51. Ba4 Nb6
52. Bb3 Nd7 53. Ba4 Nb6 54. Bb3 1/2-1/2

[Event "Bled Olympiad"]
[Site "Bled SLO"]
[Date "2002.10.28"]
[EventDate "2002.10.26"]
[Round "3"]
[Result "1/2-1/2"]
[White "Petar Genov"]
[Black "Reynaldo Vera"]
[WhiteElo "2515"]
[BlackElo "2544"]
[PlyCount "54"]

1. d4 d5 2. c4 e6 3. Nc3 c6 4. e3 Nd7 5. Nf3 Ngf6 6. Qc2 Bd6
7. Bd3 O-O 8. O-O dxc4 9. Bxc4 b5 10. Be2 Bb7 11. Rd1 Qb8
12. a3 Rc8 13. e4 c5 14. e5 cxd4 15. exf6 dxc3 16. fxg7 cxb2
17. Qxb2 Ne5 18. Ng5 h6 19. Qd4 hxg5 20. Qxd6 Qxd6 21. Rxd6
Nc4 22. Bxc4 bxc4 23. Bxg5 Kxg7 24. Rc1 c3 25. f3 Bd5 26. Be3
c2 27. Ra6 Rc7 1/2-1/2

[Event "Bled Olympiad"]
[Site "Bled SLO"]
[Date "2002.10.29"]
[EventDate "2002.10.26"]
[Round "4"]
[Result "1/2-1/2"]
[White "Ivan Sokolov"]
[Black "Vladimir Georgiev"]
[WhiteElo "2684"]
[BlackElo "2501"]
[PlyCount "91"]

1. d4 d5 2. c4 c6 3. Nc3 Nf6 4. e3 a6 5. Qc2 e6 6. Bd2 c5
7. dxc5 Bxc5 8. cxd5 exd5 9. Rc1 Nbd7 10. Nf3 O-O 11. Bd3 b5
12. O-O Bb7 13. a3 Rc8 14. Bf5 g6 15. Bh3 h5 16. Qb3 Bd6
17. Qa2 Rc4 18. b3 Rc7 19. Ne2 Rxc1 20. Rxc1 Qe7 21. Bxd7 Nxd7
22. Ned4 Ne5 23. Nxe5 Qxe5 24. Nf3 Qe7 25. b4 d4 26. Nxd4 Qg5
27. e4 Qf6 28. Be3 Bxe4 29. Ne2 Rd8 30. Qb3 Bd3 31. Nd4 Bc4
32. Qc2 Bd5 33. Ne2 Be5 34. Rd1 Be4 35. Rxd8+ Qxd8 36. Qb3 Qd6
37. h3 Qc6 38. Bd4 Bb8 39. Qe3 Kh7 40. f3 Bd5 41. Nf4 Bc4
42. h4 Qd6 43. g3 Bc7 44. Kg2 Bd8 45. Nh3 Qe6 46. Ng5+ 1/2-1/2

[Event "Bled Olympiad"]
[Site "Bled SLO"]
[Date "2002.10.29"]
[EventDate "2002.10.26"]
[Round "4"]
[Result "1-0"]
[White "Trajce Nedev"]
[Black "Erik van den Doel"]
[WhiteElo "2481"]
[BlackElo "2594"]
[PlyCount "83"]

1. e4 e5 2. Nf3 Nc6 3. d4 exd4 4. Nxd4 Bc5 5. Be3 Qf6 6. c3
Nge7 7. Bc4 Ne5 8. Be2 Qg6 9. O-O d6 10. f3 O-O 11. Nd2 d5
12. Kh1 Bb6 13. a4 c6 14. Bf4 Qf6 15. Bg3 N5g6 16. f4 Bxd4
17. cxd4 dxe4 18. Nxe4 Qf5 19. Nd6 Qf6 20. Ne4 Qe6 21. Ng5 Qd5
22. Rc1 Qd8 23. Bc4 h6 24. Nxf7 Rxf7 25. Bxf7+ Kxf7 26. f5
Nxf5 27. Qb3+ Kf8 28. Be1 a5 29. g4 Qxd4 30. gxf5 Ne5 31. Qg3
Qe4+ 32. Kg1 Qd4+ 33. Bf2 Qg4 34. Bc5+ Kf7 35. Qxg4 Nxg4
36. Rce1 b6 37. Bxb6 Rb8 38. Bc5 Rxb2 39. Re7+ Kf6 40. Rc7 Rb8
41. Bd4+ Kg5 42. h3 1-0

[Event "Bled Olympiad"]
[Site "Bled SLO"]
[Date "2002.10.29"]
[EventDate "2002.10.26"]
[Round "4"]
[Result "0-1"]
[White "Kiril D Georgiev"]
[Black "Loek van Wely"]
[WhiteElo "2658"]
[BlackElo "2681"]
[PlyCount "66"]

1. e4 c5 2. Nf3 Nc6 3. d4 cxd4 4. Nxd4 Nf6 5. Nc3 e5 6. Ndb5
d6 7. Bg5 a6 8. Na3 b5 9. Bxf6 gxf6 10. Nd5 f5 11. c3 Bg7
12. exf5 Bxf5 13. Nc2 O-O 14. Nce3 Be6 15. Bd3 f5 16. O-O Kh8
17. f4 Ne7 18. Bc2 Nxd5 19. Nxd5 Rc8 20. Bb3 a5 21. a3 Qe8
22. Ne3 exf4 23. Nd5 Qf7 24. Qf3 Be5 25. Rad1 Rg8 26. Rd2 Rg4
27. Rff2 Rcg8 28. Bd1 Rh4 29. Qd3 f3 30. Bxf3 Bxh2+ 31. Kf1
Bg3 32. Qxb5 Bd7 33. Qb6 Qe8 0-1

[Event "Bled Olympiad"]
[Site "Bled SLO"]
[Date "2002.10.29"]
[EventDate "2002.10.26"]
[Round "4"]
[Result "1-0"]
[White "David Navara"]
[Black "Aleksander Delchev"]
[WhiteElo "2567"]
[BlackElo "2560"]
[PlyCount "45"]

1. e4 e6 2. d4 d5 3. Nd2 c5 4. Ngf3 a6 5. exd5 exd5 6. c4 Nf6
7. cxd5 cxd4 8. Bc4 Qe7+ 9. Kf1 Qd6 10. Bb3 b5 11. a4 Be7
12. axb5 O-O 13. Nxd4 Qc5 14. Ra4 Bb7 15. Nf5 axb5 16. Ne4
Nxe4 17. Rxe4 Bf6 18. Be3 Qc7 19. h4 Qd7 20. g4 Nc6 21. Bg5
Ne5 22. Bxf6 gxf6 23. Qc1 1-0

[Event "Bled Olympiad"]
[Site "Bled SLO"]
[Date "2002.10.29"]
[EventDate "2002.10.26"]
[Round "4"]
[Result "1/2-1/2"]
[White "Julian Radulski"]
[Black "Tomas Oral"]
[WhiteElo "2487"]
[BlackElo "2546"]
[PlyCount "53"]

1. e4 c5 2. Nf3 e6 3. c3 Nf6 4. e5 Nd5 5. d4 cxd4 6. cxd4 b6
7. Nc3 Nxc3 8. bxc3 Qc7 9. Bd2 Bb7 10. Bd3 d6 11. O-O Nd7
12. exd6 Bxd6 13. Re1 O-O 14. h3 Rad8 15. a4 Rfe8 16. a5 e5
17. axb6 axb6 18. Ng5 Nf6 19. Qb1 h6 20. Ne4 Bxe4 21. Bxe4
exd4 22. cxd4 Bh2+ 23. Kh1 Bf4 24. Rc1 Qd6 25. Bxf4 Qxf4
26. Bc6 Re2 27. Qxb6 1/2-1/2

[Event "Bled Olympiad"]
[Site "Bled SLO"]
[Date "2002.10.29"]
[EventDate "2002.10.26"]
[Round "4"]
[Result "1/2-1/2"]
[White "Vasil Spasov"]
[Black "Zbynek Hracek"]
[WhiteElo "2591"]
[BlackElo "2607"]
[PlyCount "68"]

1. e4 c5 2. Nf3 d6 3. d4 cxd4 4. Nxd4 Nf6 5. Nc3 a6 6. Be3 e5
7. Nb3 Be6 8. f3 Nbd7 9. g4 Nb6 10. Qd2 d5 11. exd5 Nfxd5
12. O-O-O Qc7 13. Nxd5 Nxd5 14. Bd3 Bb4 15. Qf2 O-O 16. Kb1 a5
17. a3 Nxe3 18. Qxe3 Be7 19. Rhe1 a4 20. Nd2 Ra5 21. Bf5 Bxf5
22. gxf5 Rc8 23. c3 Qd7 24. f6 Bxf6 25. Ne4 Qf5 26. Ka1 Be7
27. Qb6 Raa8 28. Qxb7 Bf8 29. Nd6 Bxd6 30. Rxd6 Qf4 31. Rd7 g6
32. Qd5 Rab8 33. Ka2 Re8 34. Re2 Re6 1/2-1/2

[Event "Bled Olympiad"]
[Site "Bled SLO"]
[Date "2002.10.29"]
[EventDate "2002.10.26"]
[Round "4"]
[Result "1-0"]
[White "Petr Haba"]
[Black "Marijan Petrov"]
[WhiteElo "2534"]
[BlackElo "2513"]
[PlyCount "63"]

1. d4 Nf6 2. c4 g6 3. Nc3 Bg7 4. e4 d6 5. f3 O-O 6. Be3 c6
7. Bd3 a6 8. Nge2 b5 9. O-O Nbd7 10. b3 e5 11. d5 cxd5
12. cxd5 Nc5 13. Bc2 b4 14. Na4 Nxa4 15. bxa4 a5 16. a3 Rb8
17. axb4 axb4 18. Nc1 Nh5 19. a5 Ra8 20. Nb3 Nf4 21. Ra4 Ba6
22. Re1 Bc4 23. g3 Nh3+ 24. Kg2 Qd7 25. Rxb4 Bxb3 26. Bxb3
Rxa5 27. Ba4 Qc8 28. Qc1 Qa6 29. Qc4 Ra8 30. Qxa6 R8xa6
31. Rb8+ Bf8 32. Bb5 1-0

[Event "Bled Olympiad"]
[Site "Bled SLO"]
[Date "2002.10.29"]
[EventDate "2002.10.26"]
[Round "4"]
[Result "1/2-1/2"]
[White "Mihail Marin"]
[Black "Lubomir Ftacnik"]
[WhiteElo "2556"]
[BlackElo "2603"]
[PlyCount "48"]

1. c4 b6 2. d4 e6 3. a3 Bb7 4. Nc3 f5 5. Nh3 Nf6 6. f3 Be7
7. e3 O-O 8. Be2 a5 9. O-O Nc6 10. b3 Qb8 11. Bb2 Nd8 12. Qc2
Nf7 13. Rad1 c5 14. d5 Re8 15. Rfe1 Bd6 16. f4 exd5 17. Nxd5
Bxd5 18. cxd5 Rxe3 19. Bxf6 gxf6 20. Bd3 Bxf4 21. Bxf5 Qe5
22. Rxe3 Qxe3+ 23. Kh1 Bd6 24. Bxd7 Ng5 1/2-1/2

[Event "Bled Olympiad"]
[Site "Bled SLO"]
[Date "2002.10.29"]
[EventDate "2002.10.26"]
[Round "4"]
[Result "1/2-1/2"]
[White "Jean-Marc Degraeve"]
[Black "Florian Jenni"]
[WhiteElo "2575"]
[BlackElo "2483"]
[PlyCount "145"]

1. e4 e5 2. Nf3 Nc6 3. Bb5 a6 4. Ba4 Nf6 5. O-O Be7 6. Re1 b5
7. Bb3 O-O 8. a4 Bb7 9. d3 d6 10. Nbd2 Re8 11. c3 h6 12. Nf1
Bf8 13. Ng3 Qd7 14. d4 Na5 15. Bc2 g6 16. h3 Bg7 17. Nh2 Kh7
18. d5 c6 19. dxc6 Qxc6 20. Ng4 Nxg4 21. hxg4 Nc4 22. Qf3 Re7
23. b3 Nb6 24. a5 Nd7 25. Ba3 Nc5 26. Rad1 Rd7 27. Nf5 Rad8
28. Ng3 Ne6 29. Bc1 b4 30. c4 Nd4 31. Qd3 Nxc2 32. Qxc2 d5
33. exd5 Rxd5 34. Rxd5 Rxd5 35. f3 Rxa5 36. Bb2 Qb6+ 37. Kf1
e4 38. Bxg7 exf3 39. gxf3 Kxg7 40. Ne4 Qd4 41. c5 Bxe4
42. Rxe4 Qxc5 43. Qxc5 Rxc5 44. Rxb4 Rb5 45. Ra4 Rxb3 46. Ke2
Rb6 47. Ke3 h5 48. gxh5 gxh5 49. Kf4 Rh6 50. Kg3 h4+ 51. Kh3
Kf8 52. Ra3 Ke7 53. Ra5 Ke8 54. Re5+ Kd7 55. Rf5 Kc6 56. Rxf7
a5 57. f4 a4 58. f5 Kc5 59. f6 Kb6 60. Rf8 Rh7 61. Ra8 Kb5
62. Rf8 Ra7 63. Kxh4 a3 64. Rb8+ Ka4 65. Rb1 Ra5 66. Kg4 a2
67. Ra1 Kb3 68. f7 Ra8 69. Kg5 Rf8 70. Kf6 Kb2 71. Rxa2+ Kxa2
72. Kg7 Rxf7+ 73. Kxf7 1/2-1/2

[Event "Bled Olympiad"]
[Site "Bled SLO"]
[Date "2002.10.29"]
[EventDate "2002.10.26"]
[Round "4"]
[Result "1/2-1/2"]
[White "Yannick Pelletier"]
[Black "Andrei Sokolov"]
[WhiteElo "2587"]
[BlackElo "2587"]
[PlyCount "77"]

1. Nf3 Nf6 2. c4 e6 3. Nc3 Bb4 4. Qc2 d6 5. a3 Bxc3 6. Qxc3
O-O 7. e3 c5 8. b4 Nbd7 9. Bb2 e5 10. Be2 Re8 11. O-O a5
12. d3 Nb6 13. Qb3 Nbd7 14. Qc3 b6 15. Rfe1 Nf8 16. d4 Ng6
17. bxc5 bxc5 18. d5 Ne4 19. Qc2 f5 20. Bd3 Ng5 21. Nxg5 Qxg5
22. f4 exf4 23. exf4 Rxe1+ 24. Rxe1 Qxf4 25. Qa4 h6 26. Qc6
Qd2 27. Re8+ Kh7 28. Qxa8 Qxb2 29. Re1 Qd4+ 30. Kh1 Qxd3
31. Qxc8 Ne5 32. Qe6 f4 33. Qxd6 f3 34. Qf8 Qd2 35. Rg1 fxg2+
36. Rxg2 Qe1+ 37. Rg1 Qe4+ 38. Rg2 Qe1+ 39. Rg1 1/2-1/2

[Event "Bled Olympiad"]
[Site "Bled SLO"]
[Date "2002.10.29"]
[EventDate "2002.10.26"]
[Round "4"]
[Result "0-1"]
[White "Roland Ekstroem"]
[Black "Christian Bauer"]
[WhiteElo "2478"]
[BlackElo "2562"]
[PlyCount "132"]

1. d4 Nf6 2. Nf3 g6 3. g3 Bg7 4. Bg2 O-O 5. O-O d6 6. Nc3 Nc6
7. d5 Na5 8. e4 c6 9. Re1 Bd7 10. a4 Rc8 11. dxc6 Bxc6 12. Nd5
Nc4 13. c3 Re8 14. Nd4 Nxd5 15. exd5 Bd7 16. Ra2 Qb6 17. h3 a6
18. Nc2 Qb3 19. Nb4 Qxd1 20. Rxd1 a5 21. Nc2 Nb6 22. Be3 Nxa4
23. Rda1 Nxb2 24. Rxb2 Bxc3 25. Rxb7 Bxa1 26. Nxa1 Red8
27. Kf1 Rb8 28. Rxb8 Rxb8 29. Ke2 Rb2+ 30. Kd3 a4 31. Bd4 Bb5+
32. Kc3 Rb1 33. Kc2 Re1 34. Kb2 Re2+ 35. Ka3 Rd2 36. Be3 Rd1
37. Nc2 Rd3+ 38. Kb2 Bc4 39. Bd4 a3+ 40. Kc1 a2 41. Ba1 Rb3
42. Bb2 Bd3 43. Na1 Rb5 44. h4 Bc4 45. Bc3 Bxd5 46. Bxd5 Rxd5
47. Kc2 e5 48. Nb3 f5 49. Nc1 Ra5 50. Ba1 Ra3 51. Nb3 Kf7
52. Kb2 Ra4 53. Nc1 Rd4 54. Kc2 Ra4 55. Kb3 Rg4 56. Kxa2 f4
57. Ne2 f3 58. Nc3 Rxg3 59. Ne4 Rg2 60. Kb3 Ke6 61. Ng5+ Kf5
62. Nxf3 Rxf2 63. Ng5 h5 64. Kc4 Rd2 65. Bc3 d5+ 66. Kc5 Rc2
0-1

[Event "Bled Olympiad"]
[Site "Bled SLO"]
[Date "2002.10.29"]
[EventDate "2002.10.26"]
[Round "4"]
[Result "1/2-1/2"]
[White "Pablo San Segundo Carrillo"]
[Black "Vereslav Eingorn"]
[WhiteElo "2523"]
[BlackElo "2600"]
[PlyCount "121"]

1. d4 e6 2. c4 Bb4+ 3. Bd2 a5 4. Nf3 Nf6 5. Qc2 d6 6. Nc3 Qe7
7. g3 e5 8. dxe5 dxe5 9. Bg2 Bxc3 10. Bxc3 Nc6 11. O-O O-O
12. b3 Ng4 13. h3 Nh6 14. Rad1 Nf5 15. e3 Nd6 16. Qb2 f6
17. Nd2 Bf5 18. e4 Be6 19. Rfe1 b5 20. cxb5 Nxb5 21. Nf1 Ncd4
22. Ne3 Nxc3 23. Qxc3 Qb4 24. Rc1 c6 25. f4 Qxc3 26. Rxc3 a4
27. bxa4 Rxa4 28. a3 Rfa8 29. Nc2 Rc4 30. Rxc4 Bxc4 31. Bf1
Bxf1 32. Nxd4 exd4 33. Kxf1 Rxa3 34. Kf2 c5 35. Rc1 Ra5 36. e5
Kf7 37. exf6 gxf6 38. f5 h5 39. Kf3 Ra3+ 40. Kf4 Rc3 41. Ra1
Re3 42. Rc1 Re5 43. g4 hxg4 44. hxg4 d3 45. g5 Rd5 46. g6+ Kg7
47. Ke4 Rd7 48. Ke3 c4 49. Kd2 Rc7 50. Kc3 Rc5 51. Rf1 Re5
52. Rf4 Rd5 53. Rf2 d2 54. Rxd2 Rxf5 55. Kxc4 Kxg6 56. Kd4 Re5
57. Rg2+ Kf7 58. Rg4 Ra5 59. Ke3 f5 60. Rb4 Kf6 61. Kf4
1/2-1/2

[Event "Bled Olympiad"]
[Site "Bled SLO"]
[Date "2002.10.29"]
[EventDate "2002.10.26"]
[Round "4"]
[Result "1/2-1/2"]
[White "Zoltan Gyimesi"]
[Black "Javad Maharramzade"]
[WhiteElo "2596"]
[BlackElo "2469"]
[PlyCount "152"]

1. d4 Nf6 2. c4 e6 3. Nf3 b6 4. g3 Ba6 5. Nbd2 Bb4 6. Qc2 Bb7
7. Bg2 Be4 8. Qb3 Bxd2+ 9. Bxd2 O-O 10. O-O d6 11. Rfe1 Nbd7
12. Bh3 h6 13. Bc3 d5 14. Nd2 dxc4 15. Qxc4 Bb7 16. b4 Rc8
17. Qb3 c5 18. bxc5 Bd5 19. Qa3 bxc5 20. e4 Ba8 21. Qxa7 cxd4
22. Qxd4 Nc5 23. Qxd8 Rfxd8 24. Ba5 Rd4 25. Rac1 Ra4 26. Nb3
Nfd7 27. Red1 Bb7 28. Nxc5 Rxc5 29. Bc3 Bc6 30. Bg2 Rxa2
31. Bd4 Rcc2 32. Rxc2 Rxc2 33. f3 e5 34. Be3 Kf8 35. Bf1 Ke7
36. Bd3 Rc3 37. Kf2 Nc5 38. Be2 Rc2 39. Rd2 Rxd2 40. Bxd2 Ne6
41. Bb4+ Kd7 42. Bc4 f6 43. Ke3 Ba4 44. Bf1 Ke8 45. f4 exf4+
46. gxf4 Bc6 47. Bc4 Bd7 48. Be2 g6 49. Bd1 Kf7 50. Bb3 Kg7
51. Bd6 Nd8 52. h4 h5 53. Bc7 Ne6 54. Bb6 Nf8 55. Bc7 Ne6
56. Bb8 Nd8 57. Bd6 Be6 58. Ba4 Nf7 59. Bb4 Nh6 60. Kd4 Kf7
61. Kc5 Ng4 62. Kd6 Nf2 63. Bc6 f5 64. exf5 Bxf5 65. Bd5+ Kf8
66. Kc7+ Kg7 67. Kd8 Ng4 68. Bc5 Nh6 69. Ke8 Bb1 70. Bd4+ Kh7
71. Kf8 Bc2 72. Bf2 Bb1 73. Be1 Bc2 74. Ke7 Ng4 75. Be6 Bd3
76. Kf8 Nh6 1/2-1/2

[Event "Bled Olympiad"]
[Site "Bled SLO"]
[Date "2002.10.29"]
[EventDate "2002.10.26"]
[Round "4"]
[Result "1/2-1/2"]
[White "Jesus Nogueiras"]
[Black "Kamil Miton"]
[WhiteElo "2528"]
[BlackElo "2564"]
[PlyCount "30"]

1. Nf3 Nf6 2. c4 c6 3. d4 d5 4. e3 Bf5 5. cxd5 cxd5 6. Qb3 Qb6
7. Qxb6 axb6 8. Nc3 Bd7 9. Ne5 e6 10. Nxd7 Nfxd7 11. Bb5 Nc6
12. Bd2 Bd6 13. O-O O-O 14. Rfc1 Rfc8 15. Be2 Na5 1/2-1/2

[Event "Bled Olympiad"]
[Site "Bled SLO"]
[Date "2002.10.29"]
[EventDate "2002.10.26"]
[Round "4"]
[Result "1-0"]
[White "Tomasz Markowski"]
[Black "Walter Arencibia"]
[WhiteElo "2549"]
[BlackElo "2521"]
[PlyCount "83"]

1. g3 g6 2. Bg2 Bg7 3. c4 Nf6 4. Nc3 O-O 5. d4 c6 6. e4 d6
7. Nge2 a6 8. O-O b5 9. e5 Ne8 10. cxb5 axb5 11. Nxb5 dxe5
12. dxe5 Qb6 13. Nbc3 Bxe5 14. b3 Nd6 15. Bb2 Qa5 16. Qc1 Ba6
17. Re1 Rc8 18. Na4 Bxb2 19. Qxb2 Bxe2 20. Rxe2 Ra7 21. Rae1
Rcc7 22. Re5 Nb5 23. h4 Rd7 24. Qc1 Qb4 25. Qc5 Qxc5 26. Nxc5
Rdc7 27. a4 Nd6 28. Rc1 Kf8 29. b4 Na6 30. Nd3 Nb8 31. a5 Nd7
32. Ree1 Ra6 33. Kf1 Nb5 34. Re4 Na3 35. Re2 Nb8 36. Ra2 Nb5
37. Rac2 Ke8 38. Rc5 Nd6 39. Ne5 f6 40. Nxc6 Nd7 41. R5c2 Nb5
42. Kg1 1-0

[Event "Bled Olympiad"]
[Site "Bled SLO"]
[Date "2002.10.29"]
[EventDate "2002.10.26"]
[Round "4"]
[Result "1-0"]
[White "Karen Asrian"]
[Black "Ivan Ivanisevic"]
[WhiteElo "2597"]
[BlackElo "2537"]
[PlyCount "103"]

1. e4 c5 2. Nf3 Nc6 3. d4 cxd4 4. Nxd4 Qc7 5. Nc3 e6 6. Be2 a6
7. O-O Nf6 8. Be3 Bb4 9. Na4 O-O 10. Nxc6 bxc6 11. Nb6 Rb8
12. Nxc8 Rfxc8 13. Bxa6 Rf8 14. Bd3 Bd6 15. g3 Be5 16. a4 Bxb2
17. Ra2 Bc3 18. Bd2 Bxd2 19. Qxd2 c5 20. Re1 Rfd8 21. e5 Nd5
22. Be4 d6 23. exd6 Rxd6 24. Bxd5 Rxd5 25. Qc3 Qd6 26. a5 Qa6
27. Ra4 h5 28. Rc4 Rb5 29. Ra1 Qd6 30. Re4 Rb4 31. Rxb4 cxb4
32. Qe1 Qc5 33. a6 Rd7 34. Qe3 Qd5 35. a7 Rd8 36. Qb6 Ra8
37. Qxb4 Kh7 38. h4 e5 39. Qb3 Qc5 40. Qb7 Qf8 41. Qe4+ g6
42. Qxe5 Qd8 43. Qe4 Qc8 44. c4 Qh8 45. Kg2 Qc8 46. c5 Kg7
47. Qd5 Kh6 48. Kh2 Qe8 49. c6 Qe2 50. Kg2 Qe8 51. c7 Qc8
52. Kh2 1-0

[Event "Bled Olympiad"]
[Site "Bled SLO"]
[Date "2002.10.29"]
[EventDate "2002.10.26"]
[Round "4"]
[Result "0-1"]
[White "Aleksandar Kovacevic"]
[Black "Gabriel Sargissian"]
[WhiteElo "2546"]
[BlackElo "2568"]
[PlyCount "86"]

1. e4 e5 2. Nf3 Nc6 3. Bb5 Nf6 4. O-O Nxe4 5. d4 Nd6 6. Bg5
Be7 7. Bxe7 Qxe7 8. Bxc6 dxc6 9. dxe5 Nf5 10. Nc3 O-O 11. Qd2
Be6 12. Ne4 Rfd8 13. Qf4 h6 14. Rfe1 c5 15. Ng3 Nxg3 16. Qxg3
Qd7 17. h3 Qb5 18. b3 a5 19. Nh4 Rd2 20. Rac1 Qd7 21. Qe3 Qd4
22. Qxd4 Rxd4 23. Nf3 Rd7 24. Red1 Rxd1+ 25. Rxd1 c4 26. Kf1
cxb3 27. axb3 c5 28. Ra1 b5 29. Ke2 Bd5 30. g3 a4 31. bxa4
Rxa4 32. Rd1 Re4+ 33. Kd2 Be6 34. Rh1 b4 35. g4 Rf4 36. Ne1
Rd4+ 37. Ke3 Rd1 38. Ke2 Ra1 39. Rg1 Bd5 40. Rg3 c4 41. Re3 b3
42. cxb3 cxb3 43. Nd3 Bc4 0-1

[Event "Bled Olympiad"]
[Site "Bled SLO"]
[Date "2002.10.29"]
[EventDate "2002.10.26"]
[Round "4"]
[Result "1/2-1/2"]
[White "Darmen Sadvakasov"]
[Black "Suat Atalik"]
[WhiteElo "2538"]
[BlackElo "2575"]
[PlyCount "146"]

1. e4 e5 2. Nf3 Nf6 3. d4 Nxe4 4. Bd3 d5 5. Nxe5 Nd7 6. Qe2
Nxe5 7. Bxe4 dxe4 8. Qxe4 Be6 9. Qxe5 Qd7 10. O-O Bd6 11. Qe2
O-O 12. Be3 f5 13. f4 Qc6 14. Qd2 Rae8 15. Nc3 Bb4 16. d5 Bxc3
17. dxc6 Bxd2 18. Bxd2 b6 19. Rfe1 Bd5 20. Bb4 Rxe1+ 21. Rxe1
Rf6 22. Re8+ Kf7 23. Re7+ Kg6 24. Rxc7 Rxc6 25. Rd7 Bxa2
26. Rxa7 Bb1 27. c3 Rf6 28. Rd7 Rf7 29. Rd6+ Rf6 30. Rd4 Ba2
31. Bd6 b5 32. Be5 Rf7 33. Rd3 h6 34. Rd6+ Kh5 35. Kf2 Rb7
36. Ke3 Bc4 37. Kd4 Bf1 38. g3 g6 39. Ke3 b4 40. Kf2 bxc3
41. Bxc3 Bb5 42. h3 Rd7 43. Re6 Rd5 44. Re1 Bc4 45. Re7 g5
46. fxg5 hxg5 47. Rh7+ Kg6 48. Rc7 Bb5 49. h4 f4 50. Rg7+ Kh5
51. gxf4 gxh4 52. Bf6 h3 53. Kg3 Bd7 54. Rg5+ Rxg5+ 55. Bxg5
Kg6 56. b4 Kh5 57. Bf6 Kg6 58. Be5 Kh5 59. Bd4 Kg6 60. Bg1 Kf5
61. Kf3 Bc6+ 62. Ke3 Be8 63. Bh2 Bd7 64. Kd4 Bc6 65. Kc5 Be4
66. b5 Ke6 67. Kb6 Kd7 68. Ka7 Kc8 69. b6 Bd5 70. Ka6 Be4
71. Bg1 Bb7+ 72. Kb5 Be4 73. Kc5 Kb7 1/2-1/2

[Event "Bled Olympiad"]
[Site "Bled SLO"]
[Date "2002.10.29"]
[EventDate "2002.10.26"]
[Round "4"]
[Result "1-0"]
[White "Bojan Kurajica"]
[Black "Petr Kostenko"]
[WhiteElo "2548"]
[BlackElo "2501"]
[PlyCount "143"]

1. Nf3 g6 2. g3 Bg7 3. Bg2 d5 4. d4 Nf6 5. O-O c6 6. e3 O-O
7. Qe2 b6 8. b3 Ba6 9. c4 b5 10. Na3 bxc4 11. bxc4 Nbd7
12. Rd1 Qa5 13. Qc2 Rab8 14. Nd2 Rfc8 15. Rb1 e6 16. Rxb8 Rxb8
17. Bb2 Bf8 18. c5 Be2 19. Rb1 Qa6 20. Bf1 Bxf1 21. Rxf1 e5
22. Nb3 exd4 23. exd4 Re8 24. Nc1 Bh6 25. Nd3 Ne4 26. Rd1 Ng5
27. Kg2 Ne6 28. Nb4 Qb7 29. Qa4 Rc8 30. Nac2 Nf6 31. Ne1 Qd7
32. h4 Ne4 33. Nbd3 Qc7 34. Nf3 Bg7 35. Nde5 Rb8 36. Qc2 Qc8
37. Bc1 Rb5 38. Be3 Qb7 39. Nd3 Bf6 40. Nfe5 Bg7 41. Re1 Qc7
42. a4 Rb7 43. f3 Nxg3 44. Kxg3 f6 45. Nf4 Nxd4 46. Bxd4 fxe5
47. Ne6 Qb8 48. Bc3 Bf6 49. Kg2 d4 50. Ba1 Bxh4 51. Re4 Bf6
52. f4 exf4 53. Nxf4 Kh8 54. Qe2 Kg7 55. Bxd4 Bxd4 56. Rxd4
Rb2 57. Rd2 Rxd2 58. Qxd2 Qe5 59. Qd7+ Kh6 60. Qd6 Qe4+
61. Kf2 Kg5 62. Ne6+ Kg4 63. Nd4 Qb1 64. Qg3+ Kh5 65. Qf3+ Kh6
66. Qe3+ g5 67. Nxc6 Qc2+ 68. Kg3 Qxa4 69. Nd4 Qa1 70. Nf3 Qf6
71. Qxg5+ Qxg5+ 72. Nxg5 1-0

[Event "Bled Olympiad"]
[Site "Bled SLO"]
[Date "2002.10.29"]
[EventDate "2002.10.26"]
[Round "4"]
[Result "0-1"]
[White "Bernardo Roselli Mailhe"]
[Black "Luis Valenzuela Fuentealba"]
[WhiteElo "2446"]
[BlackElo "2423"]
[PlyCount "66"]

1. e4 c5 2. Nc3 Nc6 3. g3 g6 4. Bg2 Bg7 5. d3 d6 6. f4 Rb8
7. Nf3 Nf6 8. O-O O-O 9. h3 b5 10. a3 a5 11. Be3 b4 12. axb4
axb4 13. Ne2 Bb7 14. b3 Nd7 15. Rc1 Ra8 16. g4 Ra2 17. Qe1 e6
18. g5 f5 19. gxf6 Nxf6 20. Ng5 Qe7 21. f5 exf5 22. Nf4 Ne5
23. Qg3 fxe4 24. Nxe4 Nxe4 25. Bxe4 Bxe4 26. dxe4 Nf7 27. Qg2
Re8 28. Rce1 Qxe4 29. Qxe4 Rxe4 30. Bxc5 Rxe1 31. Rxe1 Ne5
32. Re2 dxc5 33. Ne6 Nf3+ 0-1